[Event "World ol U16"]
[Site "Eindhoven"]
[Date "2023.08.18"]
[Round "9.24"]
[White "Feng, Elysia"]
[Black "Jitwichian, Pataradit"]
[Result "1-0"]
[WhiteElo "1610"]
[BlackElo "1337"]
[PlyCount "53"]
[EventDate "2023.08.13"]
[EventType "team-swiss"]
[EventRounds "9"]
[EventCountry "NED"]
[SourceTitle "CBM 215 Extra"]
[Source "ChessBase"]
[SourceDate "2023.09.30"]
[SourceVersion "1"]
[SourceVersionDate "2023.09.30"]
[SourceQuality "1"]
[WhiteTeam "Netherlands IV"]
[BlackTeam "Thailand II"]
[WhiteTeamCountry "NED"]
[BlackTeamCountry "THA"]

1. e4 c5 2. Nf3 e6 3. c4 d6 4. Nc3 Nf6 5. Be2 Be7 6. 0-0 0-0 7. d4 cxd4 8. Nxd4 a6 9. Be3 Qc7 10. f4 Nbd7 11. f5 Nb6 12. Qb3 Rd8 13. Nxe6 fxe6 14. Bxb6 Qc6 15. Bxd8 Bxd8 16. Bf3 Rb8 17. Kh1 exf5 18. exf5 Qc5 19. Nd5 Bxf5 20. Nxf6+ Bxf6 21. Bd5+ Be6 22. Bxe6+ Kh8 23. Rae1 h6 24. Qc2 Qa5 25. Qg6 Rf8 26. Bf5 Kg8 27. Qh7+ 1-0

[Event "World ol U16"]
[Site "Eindhoven"]
[Date "2023.08.17"]
[Round "7.27"]
[White "Jitwichian, Pataradit"]
[Black "Govender, Keniesha"]
[Result "1-0"]
[WhiteElo "1337"]
[BlackElo "1210"]
[PlyCount "105"]
[EventDate "2023.08.13"]
[EventType "team-swiss"]
[EventRounds "9"]
[EventCountry "NED"]
[SourceTitle "CBM 215 Extra"]
[Source "ChessBase"]
[SourceDate "2023.09.30"]
[SourceVersion "1"]
[SourceVersionDate "2023.09.30"]
[SourceQuality "1"]
[WhiteTeam "Thailand II"]
[BlackTeam "South Africa II"]
[WhiteTeamCountry "THA"]
[BlackTeamCountry "RSA"]

1. c4 Nf6 2. Nc3 e5 3. e4 Bc5 4. d3 Nc6 5. Be3 d6 6. g3 Bg4 7. Nge2 Bf3 8. Rg1 Bxe3 9. fxe3 Ng4 10. h3 Nxe3 11. Qd2 Nb4 12. Rc1 Nbc2+ 13. Rxc2 Nxc2+ 14. Qxc2 c6 15. Bg2 Bxe2 16. Nxe2 Qa5+ 17. Nc3 Qc5 18. Qf2 Qxf2+ 19. Kxf2 0-0 20. Ke3 Rfe8 21. Ne2 Re6 22. g4 h6 23. Ng3 g6 24. Rc1 c5 25. Ne2 a6 26. Nc3 Rb8 27. Nd5 Kf8 28. Nb6 Re7 29. Nd5 Re6 30. h4 Rc8 31. g5 h5 32. Bh3 Ree8 33. Bxc8 Rxc8 34. Rf1 b5 35. Rf6 Rd8 36. Nc7 Rd7 37. Nxa6 b4 38. Nb8 Rb7 39. Nc6 Rd7 40. Kd2 Ke8 41. Kc2 Kf8 42. Kb3 Ke8 43. Ka4 Kf8 44. Kb5 Rb7+ 45. Ka6 Rd7 46. Kb6 Ke8 47. a4 bxa3 48. bxa3 Kf8 49. a4 Ke8 50. a5 Kf8 51. a6 Kg7 52. a7 Rxa7 53. Nxa7 1-0

[Event "World ol U16"]
[Site "Eindhoven"]
[Date "2023.08.13"]
[Round "1.19"]
[White "Jitwichian, Pataradit"]
[Black "Arnold, Rhys"]
[Result "0-1"]
[WhiteElo "1337"]
[BlackElo "2098"]
[PlyCount "110"]
[EventDate "2023.08.13"]
[EventType "team-swiss"]
[EventRounds "9"]
[EventCountry "NED"]
[SourceTitle "CBM 215 Extra"]
[Source "ChessBase"]
[SourceDate "2023.09.30"]
[SourceVersion "1"]
[SourceVersionDate "2023.09.30"]
[SourceQuality "1"]
[WhiteTeam "Thailand II"]
[BlackTeam "Netherlands II"]
[WhiteTeamCountry "THA"]
[BlackTeamCountry "NED"]

1. d4 d5 2. Nf3 Nf6 3. c4 e6 4. Nc3 a6 5. cxd5 exd5 6. g3 Bd6 7. Bg2 c6 8. 0-0 0-0 9. Bg5 h6 10. Bxf6 Qxf6 11. Re1 Qd8 12. Qc2 Be6 13. Rad1 Nd7 14. Nd2 Nf6 15. e4 dxe4 16. Ndxe4 Nxe4 17. Nxe4 Bb4 18. Nc3 Rc8 19. a3 Bxc3 20. bxc3 Qa5 21. Qb2 b5 22. Qb4 Qc7 23. Re5 Rfd8 24. Rc5 Qb6 25. c4 a5 26. Qb3 Rxd4 27. Rxd4 Qxc5 28. Qe3 Qe7 29. f4 Qf6 30. Rd6 bxc4 31. Bxc6 Rb8 32. Qd4 Qxd4+ 33. Rxd4 c3 34. Be4 Bb3 35. Rd7 Rc8 36. Ra7 a4 37. Bf5 c2 38. Bxc2 Bxc2 39. Rb7 g6 40. Kf2 Bb3 41. Ke3 Rc2 42. Rb8+ Kg7 43. h4 Ra2 44. g4 Rxa3 45. g5 hxg5 46. hxg5 Be6+ 47. Kd2 Rf3 48. Kc2 a3 49. Ra8 a2 50. Kb2 Rf2+ 51. Ka1 Rxf4 52. Ra5 Rf1+ 53. Kb2 a1Q+ 54. Rxa1 Rxa1 55. Kxa1 f6 0-1

[Event "Bangkok Thailand op"]
[Site "Bangkok"]
[Date "2021.12.17"]
[Round "4"]
[White "Jitwichian, Pataradit"]
[Black "Noel, Nicolas1111"]
[Result "0-1"]
[WhiteElo "1067"]
[BlackElo "1500"]
[PlyCount "76"]
[EventDate "2021.12.15"]
[EventType "swiss"]
[EventRounds "9"]
[EventCountry "THA"]
[SourceTitle "CBM 206 Extra"]
[Source "ChessBase"]
[SourceDate "2022.03.31"]
[SourceVersion "1"]
[SourceVersionDate "2022.03.31"]
[SourceQuality "1"]

1. d4 g6 2. Nf3 Bg7 3. c4 Nf6 4. Nc3 0-0 5. g3 d5 6. Bg2 c6 7. 0-0 dxc4 8. Ne5 Be6 9. Bf4 Nd5 10. Qd2 Nxf4 11. Qxf4 Nd7 12. Rad1 Nxe5 13. dxe5 Qc7 14. e4 Qxe5 15. Qe3 Qa5 16. f4 Qb6 17. Qxb6 axb6 18. f5 Bxc3 19. bxc3 gxf5 20. exf5 Bd5 21. Bxd5 cxd5 22. Rxd5 Rxa2 23. Rd7 Rc2 24. Rf3 Ra8 25. Rxe7 Ra1+ 26. Rf1 Rxf1+ 27. Kxf1 Rxc3 28. Kf2 Rb3 29. Rxb7 c3 30. Ke2 b5 31. f6 h5 32. Rc7 b4 33. Kd1 Rb1+ 34. Kc2 Rb2+ 35. Kc1 Rxh2 36. Rc4 Rb2 37. Rc5 Rf2 38. Rxh5 b3 0-1

[Event "Bangkok Chinese New Year op"]
[Site "Bangkok"]
[Date "2020.01.25"]
[Round "3"]
[White "Calacday, Jericho"]
[Black "Jitwichian, Pataradit"]
[Result "1-0"]
[WhiteElo "1212"]
[BlackElo "1038"]
[PlyCount "88"]
[EventDate "2020.01.25"]
[EventType "swiss (rapid)"]
[EventRounds "9"]
[EventCountry "THA"]
[SourceTitle "CBM 194 Extra"]
[Source "ChessBase"]
[SourceDate "2020.03.31"]
[SourceVersion "1"]
[SourceVersionDate "2020.03.31"]
[SourceQuality "1"]

1. e4 e5 2. Nf3 Nc6 3. d4 exd4 4. Nxd4 Bc5 5. Be3 Nf6 6. Nxc6 dxc6 7. Qxd8+ Kxd8 8. Bxc5 Nxe4 9. Be3 Re8 10. Bd3 f5 11. Bxe4 Rxe4 12. Nc3 Re8 13. 0-0-0+ Ke7 14. Rhe1 Kf7 15. Bf4 Kf8 16. Rxe8+ Kxe8 17. Bxc7 Be6 18. Na4 Rc8 19. Bg3 Bd5 20. Re1+ Kf7 21. f3 Bc4 22. Bh4 Rb8 23. Re7+ Kf8 24. Nc5 Rd8 25. Ne6+ Bxe6 26. Rxe6 Rd4 27. Be7+ Kf7 28. Bc5 Rd5 29. Re7+ Kf6 30. Ba3 Rb5 31. Re1 c5 32. b3 Ra5 33. Bb2+ Kg6 34. Kb1 b5 35. Re6+ Kf7 36. Re5 Kg6 37. Rxc5 h6 38. Bc3 Ra6 39. Rxb5 Rd6 40. Rb7 a6 41. Rxg7+ Kh5 42. h3 Rg6 43. Rxg6 Kxg6 44. Bd4 Kf7 1-0